00987nam a2200265Ia 450000500170000000800410001702000150005810000450007324500880011825000390020630000410024549000250028665000480031165000520035965000380041165000360044965000430048570000320052826400270056033600270058733700330061433800280064704000350067508400110071020220317000521.0160601s2005 ck a g 000 0 spa  a95804504391 aCaballero Calderón, Eduardod1910-199313aLa piedra filosofal cEduardo Caballero Calderón ; ilustraciones de Daniela Violi a1a. edición b3a. reimpresión  a47 páginasbilustraciones c18 cm  aTorre de papelpAzul142LEMBaNovela infantil colombiana ySiglo XX142LEMBaLiteratura infantil colombiana ySiglo XX142LEMBaFelicidad en la literatura 142LEMBaNiños en la literatura 142LEMBaEncantamientos en la literatura 1 aVioli, Danielaeilustrador  aBogotá bNormac2005 atextobtxt2rdacontent asin mediaciónbn2rdamedia avolumenbnc2rdacarrier aCO-BoRNBPbspaerdacCO-BoRNBP aN CAB1